Widok standardowy
Widok MARC
Pozycja Personal Name
Liczba rekordów, w których użyto hasła: 1
001 - Numer kontrolny
- control field: 39320
003 - Identyfikator numeru kontrolnego
- control field: NUKAT
005 - Data i czas ostatniej modyfikacji
- control field: 20260331135059.0
008 - Dane kontrolne kodowane (40 znaków)
- fixed length control field: 191211n||a|znnaabn |a aaa |c
010 ## - Numer kontrolny Biblioteki Kongresu
- numer kontrolny LC: n 2019158129
024 7# - OTHER STANDARD IDENTIFIER
- Standard number or code: 25157882883460441588
- Source of number or code: viaf
040 ## - Instytucja sporządzająca rekord
- inst. przygot. dane do rek. khw: WR U/MB
- język haseł przedmiotowych/tezaurus: kaba
- inst. wprow. rek. khw: WR U/MB
100 1# - Hasło - nazwa osobowa
- nazwa osobowa w formie ujednoliconej: Rucińska, Dominika.
670 ## - Źródło informacji
- źródło informacji: Strona internetowa Archiwum Państwowego w Olsztynie, 11.12.2019
- gdzie znaleziono informację: (Pracownik Archiwum Państwowego w Olsztynie)
- adres internetowy: http://olsztyn-ap-arch.mf.gov.pl/documents/3555179/0/Kontrola+Archiwum+Pa%C5%84stwowego+w+Olsztynie+2015+r.+Protok%C3%B3%C5%82+kontroli.pdf
670 ## - Źródło informacji
- źródło informacji: Kp. Rok ostatni : wydarzenia 1989 roku w teleksach Komitetu Wojewódzkiego PZPR w Olsztynie / do druku podali Mariusz Korejwo [i pozostali]. - Olsztyn, 2019.
- gdzie znaleziono informację: Współpraca